000 00416cam a22001217a 4500
008 180718b2006 xxu||||| |||| 00| 0 eng d
082 _aT000x54 T65
245 _aTowards faster and more inclusive growth: an approach to the 11th five year plan
_cby Planning Commission
260 _aNew Delhi
_bPlanning Commission
_c2006
300 _a103p.
650 _aIndia - Economic policy
700 _aIndia. Planning Commission
999 _c476403
_d476403